Name the top 10 cities with the tallest Ferris wheel - Statistics

General Stats
  • This quiz has been taken 20 times
  • The average score is 8 of 20
Answer Stats
Hint Answer % Correct
135 m London
100%
213 m Dubai
60%
165 m Singapore
53%
Singapore
53%
China
47%
China
47%
China
47%
China
47%
United Kingdom
47%
United States
47%
United States
47%
Australia
40%
168 m Las Vegas
40%
120 m Melbourne
27%
United Arab Emirates
27%
122 m Orlando
20%
120 m Tianjin
13%
120 m Changsha
7%
120 m Suzhou
7%
160 m Nanchang
0%
No matching quizzes found
Score Distribution
Percent of People with Each Score
Percentile by Number Answered
Your Score History
You have not taken this quiz